| 000 | 00985nam a2200217Ia 4500 | ||
|---|---|---|---|
| 999 |
_c44270 _d44270 |
||
| 001 | 11028 | ||
| 003 | GE_BSU | ||
| 005 | 20230523154753.0 | ||
| 008 | 181216s1987||||ge |||||||||||||| ||geo|| | ||
| 040 | _cGE_BSU | ||
| 041 | _ageo | ||
| 080 | _a030=353.1 ქ-27 | ||
| 245 |
_aქართული საბჭოთა ენციკლოპედია : _bტ.11. შინდი–ჰუხი / _c მთ. რედ.: ირ. აბაშიძე [და სხვ.]. |
||
| 264 |
_aთბილისი : _bმთ. სამეცნ. რედაქცია, _c1987. |
||
| 300 |
_a699 გვ.; _b ილ., რუკა, სქ. _c27 სმ. |
||
| 300 | _bილ; რუკა | ||
| 300 | _eბეჭდვითი სიტყვის კომბინატი | ||
| 653 | _aქართული საბჭოთა ენციკლოპედია | ||
| 700 |
_aაბაშიძე, ირაკლი _eრედაქტორი _918189 |
||
| 942 |
_cBK _2udc |
||